| 000 | 00000nas 2200000za 4500 |
| 001 | 9.827722 |
| 003 | CaOODSP |
| 005 | 20221107144855 |
| 007 | cr ||||||||||| |
| 008 | 161117d19841984oncar p oss f0###a0eng|d |
| 022 | |y0828-9964 |
| 040 | |aCaOODSP|beng |
| 041 | |aeng|afre |
| 043 | |an-cn--- |
| 086 | 1 |aCS41-230-PDF |
| 245 | 00|aNon-ferrous metal rolling, casting and extruding industries |h[electronic resource] / |cStatistics Canada, Industry Division, Census of Manufactures Section = Industries du laminage, du moulage et de l'extrusion de métaux non ferreux / Statistique Canada, Division de l'industrie, Section du recensement des manufactures. |
| 246 | 11|aIndustries du laminage, du moulage et de l'extrusion de métaux non ferreux |
| 260 | |aOttawa : |bStatistics Canada = Statistique Canada, |c1986. |
| 310 | |aAnnual |
| 362 | 0 |a1984. |
| 490 | 0 |aAnnual census of manufactures = Recensement annuel des manufactures |
| 500 | |aDigitized edition from print [produced by Statistics Canada]. |
| 520 | |a"For statistical purposes, this industry comprises the operations of establishments primarily engaged in manufacturing aluminum and aluminum alloys in primary shapes, also pipe tubing and aluminum powder"--p.7. |
| 546 | |aText in English and French. |
| 580 | |aMerged with: Non-ferrous metal smelting and refining industries; and, Primary steel, steel pipe and tube industries and iron founderies [i.e. foundries], to become: Primary metal industries (Ottawa, Ont.). |
| 692 | 07|2gccst|aManufacturing industry |
| 692 | 07|2gccst|aStatistics |
| 710 | 1 |aCanada. |bStatistics Canada. |bCensus of Manufactures Section. |
| 780 | 00|tNon-ferrous metal rolling, casting and extruding |w(CaOODSP)9.827707 |
| 785 | 00|tPrimary metal industries |w(CaOODSP)9.827908 |
| 792 | |tNon-ferrous metal rolling, casting and extruding industries |efre|w(CaOODSP)9.827725 |